Potop (Film) - Statystyki

Ogólne statystyki
  • Ten quiz został rozwiązany 69 razy
  • Średni wynik to 8 z 15
Statystyki odpowiedzi
Wskazówka Odpowiedź % Poprawnych
Autor powieści Potop Henryk Sienkiewicz
94%
Główny bohater chorąży olszański Andrzej Kmicic
77%
W którym wieku toczy się akcja filmu 17
72%
Bilewiczówna ukochana głównego bohatera Oleńka
72%
Twierdza (klasztor) oblegana przez wojska szwedzkie Jasna Góra
64%
Ród magnacki który reprezentowali książe Janusz i Bogusław Radziwił
64%
Król Polski uratowany przez głównego bohatera Jan Kazimierz
57%
Przydomek pod którym ukrywał się głowny bohater Babinicz
53%
Aktor grający postać głównego bohatera Daniel Olbrychski
51%
Reżyser filmu Jerzy Hoffmann
43%
Braciszkowie i ojciec służący głównemu bohaterowi Kiemlicz
43%
Wierny wachmistrz chorążego olszańskiego Soroka
42%
Pułkownik (mały rycerz) mistrz polskiej szabli Jerzy Wołodyjowski
26%
Wielkie działo wysadzone podczas szwedzkiego oblężenia Kolumbryna
21%
Lek którym leczono postrzelonego w głowę głównego bohatera Pajęczyna z chlebem
6%
Nie znaleziono quizów pasujących do podanych kryteriów
Rozkład punktacji
Procent ludzi z każdym wynikiem
Percentyl według liczby udzielonych odpowiedzi
Twoja historia wyników
Nie rozwiązałeś tego quizu